Statistics for Video Game by Genre

Click here to take the quiz!

General Stats

  • This quiz has been taken 95 times
  • The average score is 11 of 22

Answer Stats

HintAnswer% Correct
Call of DutyFirst Person Shooter
92%
Mortal KombatArcade Fighter
87%
Need for SpeedRacing
82%
Final Fantasy VIIRPG
79%
Resident EvilSurvival Horror
76%
NBA JamSports
70%
Super Mario Bros.Platformer
68%
GalagaShoot 'Em Up
68%
Gears of WarThird Person Shooter
65%
World of WarcraftMMORPG
63%
Guitar HeroRhythm
62%
TetrisPuzzle
56%
Grand Theft AutoSandbox
51%
Mario PartyParty
46%
The SimsSimulator
46%
StarcraftReal Time Strategy
37%
Double DragonBeat 'Em Up
31%
ContraSidescroller
21%
Plants vs. ZombiesTower Defense
18%
The House of the DeadRail Shooter
17%
ZorkText Adventure
8%
Spy Fox in Dry CerealEducational
4%

Score Distribution

Percentile by Number Answered

Percent of People with Each Score

Your Score History

You have not taken this quiz